000 00436pab a2200145 454500
008 180718b1991 xxu||||| |||| 00| 0 eng d
100 _aRosenhead, Jonathan
245 _aSwords into ploughshares
_bCecil Gordon's role in the post - war transition of operational research to civilian uses
260 _c1991
300 _a481-501
362 _aWinter
650 _aSociology
773 _aPublic Administration (U.K.)
909 _a18871
999 _c18871
_d18871